| 000 | 00521nam a2200157Ia 4500 | ||
|---|---|---|---|
| 008 | 210430s9999 xx 000 0 und d | ||
| 020 | _a0078264219 (paperback) | 97800 | ||
| 082 | _a004 N822 I | ||
| 100 |
_aNorton, Peter. _95031 |
||
| 245 |
_aPeter norton's introduction to computers student edition / _cNorton, Peter. |
||
| 250 | _a7th | ||
| 260 |
_a[S.l.] : _bCareer Education, _c2002 |
||
| 300 | _a1 v. (unpaged) ; | ||
| 856 | _uhttp://www.amazon.com/exec/obidos/ASIN/0078264219/chopaconline-20 | ||
| 942 |
_cBK _2ddc |
||
| 999 |
_c563800 _d563800 |
||